000 00528nam a22001817a 4500
999 _c5885
_d5885
005 20251125114820.0
008 251125b ||||| |||| 00| 0 eng d
020 _a9781499426168
040 _cKH8
082 _a 551.22
100 _aOWENS,MEREDITH
_eAUTHOR
245 _aEARTHQUAKES
260 _a29 East 21st Street,New York,Ny 10010
_bThe Rosen Publishing Group
_c2017
300 _a24 pages
_bColour illustration
_c18 cm x 21 cm
650 _2Earthquakes
_aJuvenile Literature
655 _aNon Fiction
942 _2ddc
_cNFIC